| 000 | 00332nam a22001217a 4500 | ||
|---|---|---|---|
| 082 |
_a669.722 _bALL _cL-17, P-2 |
||
| 100 |
_aAloca _945356 |
||
| 245 |
_aAloca Aluminium Impact Extrusions _cAloca |
||
| 260 |
_aAmerica _bAluminium Co _cc1948 |
||
| 300 |
_aP43 _bill _c12cm |
||
| 526 |
_a0 _b0 _c0 _d669_722000000000000_ALL |
||
| 942 |
_2ddc _cBK |
||
| 999 |
_c548901 _d548901 |
||